| 000 | 01150nam1a22002651i 4500 | ||
|---|---|---|---|
| 001 | rc\2917845 | ||
| 005 | 20240921170205.0 | ||
| 035 | _a(NLR Aleph) 007068163 | ||
| 090 |
_a6353407 _c6353407 |
||
| 100 | _a20110811d1934 |||y0rusy50 ca | ||
| 101 | 0 | _arus | |
| 102 | _aRU | ||
| 105 | _ay z ||||| | ||
| 200 | 1 |
_aЛитературный Узбекистан _eАльманах художественной литературы _e1- _fРед. коллегия: Михаил Алексеев, Рахмат Маджиди, Семен Трегуб _gЛитературный ред. Рустам Агишев |
|
| 210 |
_aТашкент _cГосиздат УзССР _d1934 |
||
| 215 | _d26 см | ||
| 702 | 1 |
_4340 _7ca _8rus _aАлексеев _bМ. А. _cписатель, парт. деятель _f1895-1965 _gМихаил Александрович _9265495 _3RU\NLR\AUTH\770265551 |
|
| 702 | 1 |
_aМаджиди _bР. _gРахмат _4340 |
|
| 702 | 1 |
_aТрегуб _bС. _gСемен _4340 |
|
| 702 | 1 |
_aАгишев _bР. _gРустам _4340 |
|
| 801 | 0 |
_aRU _bNLR _gpsbo |
|
| 801 | 1 |
_aRU _bELAR _2rusmarc |
|
| 852 |
_aNLR _j34-19/313 |
||
| 942 | _cBOOK | ||